| 000 | 00883nac a22002531u 4500 | ||
|---|---|---|---|
| 003 | EG-ScBUE | ||
| 005 | 20221113045405.0 | ||
| 008 | 130922t2005 gw a f b 001 0 eng d | ||
| 020 | _a3791332791 (alk. paper) | ||
| 020 | _a9783791332796 | ||
| 040 |
_aEG-ScBUE _beng _erda _cEG-ScBUE _dEG-ScBUE |
||
| 082 | 0 | 4 |
_a724.622 _bJOD _222 |
| 100 | 1 |
_aJodidio, Philip, _eauthor. _933711 |
|
| 245 | 1 | 0 |
_aArchitecture : _bart / _cPhilip Jodidio. |
| 264 | 1 |
_aMunich ; _aNew York : _bPrestel, _c[2005] |
|
| 264 | 4 | _cc2005 | |
| 300 |
_a223 pages : _billustrations (some color) ; _c29 cm |
||
| 504 | _aIncludes bibliographical references and index. | ||
| 650 | 7 |
_aArt and architecture _xHistory _y20th century. _2BUEsh _912545 |
|
| 650 | 7 |
_aArt and architecture _xHistory _y21st century. _2BUEsh _912546 |
|
| 653 | _bENGARC | ||
| 655 |
_vReading book _934232 |
||
| 942 |
_cBB _k724.6 22 JOD _2ddc |
||
| 999 |
_c9113 _d9113 |
||